| 000 | 00918nam a22002657a 4500 | ||
|---|---|---|---|
| 003 | OSt | ||
| 005 | 20260530113917.0 | ||
| 008 | 260508b2002 xxu||||| |||| 00| 0 eng d | ||
| 020 | _a3897901757 | ||
| 040 |
_aICI _bspa _cICI _erda |
||
| 041 | _aeng | ||
| 050 |
_aNK1390 _bS76 2005 |
||
| 245 | 1 | 0 | _aSt. Moritz design summit. |
| 260 |
_aStuttgart : _bArnoldsche Art Publishers, _c2002 |
||
| 300 |
_a192 páginas : _bilustraciones a color ; _c30 cm. |
||
| 500 | _aPublicación sobre conferencias y tendencias internacionales de diseño contemporáneo. | ||
| 504 | _aIncluye referencias bibliográficas. | ||
| 650 | 4 |
_aDiseño industrial _xCongresos. _934217 |
|
| 650 | 4 |
_aDiseño contemporáneo. _934218 |
|
| 650 | 4 |
_aDiseño gráfico _xCongresos. _934219 |
|
| 650 | 4 |
_aComunicación visual. _934220 |
|
| 650 | 4 |
_aInnovaciones en diseño. _934221 |
|
| 650 | 4 |
_aDiseño _xAspectos sociales. _934222 |
|
| 942 |
_2lcc _cBK _n1 |
||
| 999 |
_c12325 _d12325 |
||